[Event "Quebec-ch U16"]
[Site "Montreal CAN"]
[Date "1988.03.06"]
[Round "7"]
[White "Levesque, Sylvain"]
[Black "Malo, Pascal"]
[Result "0-1"]
[WhiteElo "1511"]
[BlackElo "1606"]
[PlyCount "83"]
[GameId "2160767912586507"]
[EventDate "1988.03.03"]
[EventType "tourn"]
[EventRounds "7"]
[EventCountry "CAN"]
[SourceTitle "hb 2014"]

1. d4 Nf6 2. c4 d5 3. Nc3 e6 4. Bg5 Bb4 5. Qa4+ Nc6 6. a3 Be7 7. Nf3 Bd7 8. Qc2 dxc4 9. e4 Na5 10. Nd2 O-O 11. Nxc4 Nxc4 12. Bxc4 c6 13. Bd3 Nd5 14. Bxe7 Nxe7 15. e5 Nd5 16. Nxd5 exd5 17. Bxh7+ Kh8 18. Bf5 Re8 19. Bxd7 Qxd7 20. O-O g6 21. Rfe1 Kg7 22. h3 Qe6 23. Re2 Rh8 24. Qd3 Rae8 25. Rae1 Rh7 26. Qf3 Reh8 27. Re3 Rh4 28. Rd3 g5 29. Kf1 Rf4 30. Qg3 Kg6 31. Ree3 Rhh4 32. Rf3 Qf5 33. Rxf4 Rxf4 34. Rb3 Qb1+ 35. Ke2 Re4+ 36. Re3 Qxb2+ 37. Kf3 Rf4+ 38. Qxf4 gxf4 39. Kxf4 Qxf2+ 40. Rf3 Qxd4+ 41. Kg3 Qxe5+ 42. Kf2 0-1

[Event "Quebec-ch U16 op"]
[Site "Montreal CAN"]
[Date "1988.03.05"]
[Round "3"]
[White "Shankman, Raanan"]
[Black "Charest, Johanne"]
[Result "0-1"]
[WhiteElo "1268"]
[BlackElo "1327"]
[PlyCount "76"]
[GameId "2160767912586471"]
[EventDate "1988.03.05"]
[EventType "swiss"]
[EventRounds "6"]
[EventCountry "CAN"]

1. e4 e5 2. Nf3 Nc6 3. Bc4 Be7 4. O-O Nf6 5. d4 exd4 6. Re1 O-O 7. Nxd4 Ne5 8. Nd2 Bc5 9. c3 d6 10. b4 Bb6 11. Qb3 Nfg4 12. h3 Nf6 13. N2f3 Bxd4 14. Nxd4 h6 15. f4 Ng6 16. Bd3 Nh5 17. f5 Ngf4 18. Qd1 Qg5 19. Qf3 Re8 20. Bxf4 Nxf4 21. Nb5 Re7 22. Rad1 a6 23. Nd4 Bd7 24. Qg4 Qxg4 25. hxg4 Rae8 26. Bc2 d5 27. a4 dxe4 28. Bb3 Kh7 29. Kh2 c6 30. a5 Nd3 31. Re3 Nf2 32. Kg3 Nxd1 33. Bxd1 Re5 34. Bb3 R8e7 35. c4 c5 36. bxc5 Rxc5 37. Bc2 Rxc4 38. Bxe4 Rxd4 0-1

[Event "Quebec-ch U16 op"]
[Site "Montreal CAN"]
[Date "1988.03.06"]
[Round "4"]
[White "Charest, Johanne"]
[Black "Paquette, Denis"]
[Result "1-0"]
[WhiteElo "1327"]
[BlackElo "1467"]
[PlyCount "125"]
[GameId "2160767912586472"]
[EventDate "1988.03.05"]
[EventType "swiss"]
[EventRounds "6"]
[EventCountry "CAN"]

1. e4 c6 2. d4 d5 3. Nc3 dxe4 4. Nxe4 Nd7 5. Nf3 Ngf6 6. Ng3 e6 7. Bf4 Be7 8. Bd3 O-O 9. O-O Nd5 10. Bd2 c5 11. c4 Nc7 12. b3 cxd4 13. Nxd4 Nc5 14. Be3 e5 15. Ndf5 Nxd3 16. Nxe7+ Qxe7 17. Qxd3 Rd8 18. Qc2 f6 19. Rfd1 Rxd1+ 20. Rxd1 Be6 21. Ne4 Bf5 22. Re1 Ne6 23. Bc1 Nc5 24. Ba3 Bxe4 25. Rxe4 Qc7 26. Bxc5 Qxc5 27. Qd3 b6 28. Re1 Kf8 29. Qxh7 Kf7 30. Qh5+ Ke6 31. Qg4+ Kf7 32. Rd1 Re8 33. Rd7+ Re7 34. Qh5+ Ke6 35. Qg4+ Kf7 36. Rxe7+ Qxe7 37. h3 Qd6 38. Qe2 g5 39. g3 Qc5 40. Qh5+ Ke6 41. Qe8+ Qe7 42. Qxe7+ Kxe7 43. Kf1 Ke6 44. Ke2 e4 45. Ke3 Ke5 46. a3 f5 47. b4 f4+ 48. Kd2 fxg3 49. fxg3 Kd4 50. h4 gxh4 51. gxh4 e3+ 52. Ke2 Ke4 53. h5 Kf5 54. Kxe3 Kg5 55. Kd4 Kxh5 56. Kd5 Kg6 57. Kc6 Kf7 58. Kb7 a5 59. Kxb6 axb4 60. axb4 Ke7 61. Kc7 Ke6 62. b5 Ke7 63. b6 1-0

[Event "Quebec-ch U16 op"]
[Site "Montreal CAN"]
[Date "1988.03.06"]
[Round "5"]
[White "Ramirez, Claudio"]
[Black "Charest, Johanne"]
[Result "1/2-1/2"]
[WhiteElo "1237"]
[BlackElo "1327"]
[PlyCount "150"]
[GameId "2160767912586473"]
[EventDate "1988.03.05"]
[EventType "swiss"]
[EventRounds "6"]
[EventCountry "CAN"]

1. Nf3 Nc6 2. c4 e5 3. d4 exd4 4. Nxd4 Ne5 5. e3 d6 6. Nc3 Be7 7. Be2 Nf6 8. O-O O-O 9. b3 a6 10. Bb2 Bd7 11. h3 Re8 12. Nf3 Nc6 13. Re1 Bf8 14. Qd2 h6 15. Rad1 Qc8 16. Bf1 Ne7 17. Qc2 Ng6 18. Ne2 Be7 19. Ng3 Bc6 20. Be2 Bd7 21. Kh2 Qd8 22. Bd3 Nf8 23. Qc3 Ne6 24. Bf5 Nc5 25. Bxd7 Qxd7 26. Nd2 Ne6 27. Nde4 Qd8 28. c5 d5 29. f4 Qc8 30. Nxf6+ Bxf6 31. Qc2 Bxb2 32. Qxb2 f6 33. b4 c6 34. Nf5 Qd7 35. e4 Nxf4 36. Qf2 Ng6 37. Qg3 Nf8 38. Nxh6+ Kh8 39. Ng4 Rac8 40. Rf1 Qc7 41. Qxc7 Rxc7 42. exd5 cxd5 43. Rxd5 Re2 44. Rf2 Re4 45. Rh5+ Kg8 46. Rxf6 Rxb4 47. Rf2 Rc4 48. Rb2 Ne6 49. Ne3 R4xc5 50. Rxc5 Nxc5 51. Rc2 b6 52. g4 Rd7 53. Nc4 Rb7 54. Nxb6 Rxb6 55. Rxc5 Rb2+ 56. Kg3 Rxa2 57. Rc3 a5 58. Kf4 a4 59. Kg5 Kh8 60. h4 Ra1 61. h5 a3 62. Rc7 a2 63. Ra7 Kg8 64. Kg6 Kf8 65. Ra8+ Ke7 66. Kxg7 Rg1 67. Rxa2 Rxg4+ 68. Kh7 Kf7 69. Ra7+ Kf8 70. h6 Rg1 71. Ra8+ Kf7 72. Ra7+ Kf6 73. Rb7 Rg2 74. Rb6+ Kf7 75. Rb7+ Kf8 1/2-1/2

[Event "Quebec-ch U16 op"]
[Site "Montreal CAN"]
[Date "1988.03.06"]
[Round "6"]
[White "Charest, Johanne"]
[Black "Sons, Olivier"]
[Result "0-1"]
[WhiteElo "1327"]
[BlackElo "972"]
[PlyCount "100"]
[GameId "2160767912586474"]
[EventDate "1988.03.05"]
[EventType "swiss"]
[EventRounds "6"]
[EventCountry "CAN"]

1. e4 e5 2. Nf3 Nc6 3. Bb5 Nf6 4. O-O d5 5. exd5 Qxd5 6. Nc3 Qd6 7. Re1 Bd7 8. Bxc6 Bxc6 9. Rxe5+ Be7 10. d4 Ng4 11. Re1 Bxf3 12. Qxf3 Nxh2 13. Qh3 O-O 14. Ne4 Qxd4 15. Qxh2 Rae8 16. c3 Qb6 17. Rb1 Bc5 18. Qf4 f5 19. Qg3 fxe4 20. Be3 Bxe3 21. Rxe3 Qa5 22. a3 Qa4 23. Re2 c5 24. Qd6 b6 25. Qd5+ Kh8 26. Rbe1 Qa6 27. Rxe4 Qc8 28. Rxe8 Rxe8 29. Rd1 h6 30. Qf3 Rd8 31. Rb1 a5 32. Qe2 Qf5 33. Rf1 Qg5 34. Qb5 Rd6 35. Qe8+ Kh7 36. Qe4+ Kh8 37. Qe2 Rg6 38. g3 Qg4 39. Qxg4 Rxg4 40. Rd1 Kg8 41. Rd6 b5 42. Ra6 Ra4 43. Kf1 Kf7 44. Ke2 b4 45. cxb4 cxb4 46. axb4 Rxb4 47. Rxa5 Rxb2+ 48. Kf3 Kf6 49. Kg4 Rxf2 50. Rf5+ Rxf5 0-1

[Event "Quebec-ch U20"]
[Site "Montreal CAN"]
[Date "1988.03.03"]
[Round "1"]
[White "Bergeron, Steeve"]
[Black "Cazelais, Marc"]
[Result "0-1"]
[WhiteElo "1734"]
[BlackElo "1907"]
[PlyCount "63"]
[GameId "2160767912586508"]
[EventDate "1988.03.03"]
[EventType "tourn"]
[EventRounds "7"]
[EventCountry "CAN"]
[SourceTitle "hb 2014"]

1. e4 c6 2. d4 d5 3. exd5 cxd5 4. c4 Nf6 5. c5 e5 6. dxe5 Nfd7 7. Qxd5 Bxc5 8. Nf3 O-O 9. Bd3 Qa5+ 10. Nc3 Nc6 11. Bxh7+ Kxh7 12. Ng5+ Kg8 13. Qe4 Re8 14. Qh7+ Kf8 15. Qh8+ Ke7 16. Qxg7 Ndxe5 17. Bd2 Bd4 18. Qh7 Be6 19. Nxe6 Kxe6 20. Qh3+ f5 21. Qh6+ Kd7 22. O-O Rh8 23. Qf4 Rag8 24. Ne4 Qd8 25. Qxf5+ Kc7 26. Ng5 Kb8 27. Bf4 Rh5 28. h4 Rxh4 29. Nf3 Rhg4 30. g3 Rxg3+ 31. Kh1 Rxf3 32. Qh5 0-1

[Event "Quebec-ch U20"]
[Site "Montreal CAN"]
[Date "1988.03.03"]
[Round "1"]
[White "Gagnon, Serge"]
[Black "Saint-Pierre, Benoit"]
[Result "0-1"]
[WhiteElo "1792"]
[BlackElo "1968"]
[PlyCount "74"]
[GameId "2160767912586510"]
[EventDate "1988.03.03"]
[EventType "tourn"]
[EventRounds "7"]
[EventCountry "CAN"]
[SourceTitle "EXT 2022"]
[Source "ChessBase"]
[SourceDate "2021.10.06"]
[SourceVersion "1"]
[SourceVersionDate "2021.10.06"]
[SourceQuality "1"]

1. d4 Nf6 2. c4 d6 3. Nc3 Nbd7 4. e4 e5 5. Nf3 c6 6. Be3 Be7 7. Be2 Qc7 8. O-O O-O 9. d5 a6 10. Qc2 cxd5 11. cxd5 b5 12. Rac1 b4 13. Na4 Qxc2 14. Rxc2 Nxe4 15. Rfc1 Nef6 16. Bc4 Bb7 17. Bb3 Bxd5 18. Rc7 Bxb3 19. axb3 Bd8 20. R7c6 e4 21. Nd4 Ne5 22. Rxd6 Nd3 23. Rc2 Be7 24. Rdc6 Ne5 25. Rb6 Nd5 26. Nf5 Bd8 27. Rd6 Nxe3 28. Nxe3 Bg5 29. Rd4 f5 30. Nf1 Nd3 31. f3 Bf6 32. Rd6 Rfd8 33. Rcc6 Bd4+ 34. Kh1 e3 35. Ng3 Be5 36. Rxd8+ Rxd8 37. Kg1 Bxg3 0-1

[Event "Quebec-ch U20"]
[Site "Montreal CAN"]
[Date "1988.03.04"]
[Round "2"]
[White "Gagnon, Serge"]
[Black "Doucet, Maurice"]
[Result "0-1"]
[WhiteElo "1792"]
[BlackElo "1718"]
[PlyCount "42"]
[GameId "2160767912586513"]
[EventDate "1988.03.03"]
[EventType "tourn"]
[EventRounds "7"]
[EventCountry "CAN"]
[SourceTitle "hb 2014"]

1. d4 d5 2. c4 dxc4 3. e4 Nf6 4. Nc3 e6 5. Bxc4 a6 6. Bg5 Be7 7. Nf3 b5 8. Bd3 Bb7 9. Qc2 Nc6 10. Be3 Nb4 11. Qe2 Nxd3+ 12. Qxd3 b4 13. Na4 Bxe4 14. Qc4 O-O 15. Rc1 Bd5 16. Qc2 Qd7 17. b3 Bd6 18. Ne5 Qb5 19. f3 Nd7 20. Nc6 a5 21. Bf2 Ra6 0-1

[Event "Quebec-ch U20"]
[Site "Montreal CAN"]
[Date "1988.03.04"]
[Round "2"]
[White "Saint-Pierre, Benoit"]
[Black "Cazelais, Marc"]
[Result "1-0"]
[WhiteElo "1968"]
[BlackElo "1907"]
[PlyCount "89"]
[GameId "2160767912586515"]
[EventDate "1988.03.03"]
[EventType "tourn"]
[EventRounds "7"]
[EventCountry "CAN"]
[SourceTitle "EXT 2022"]
[Source "ChessBase"]
[SourceDate "2021.10.06"]
[SourceVersion "1"]
[SourceVersionDate "2021.10.06"]
[SourceQuality "1"]

1. Nf3 Nf6 2. g3 b6 3. Bg2 Bb7 4. O-O c5 5. c4 e6 6. b3 Be7 7. Bb2 O-O 8. d3 d6 9. a3 Nbd7 10. Nbd2 Qc7 11. e4 a6 12. Qe2 b5 13. Rae1 Bc6 14. Nh4 Rab8 15. Bc3 bxc4 16. dxc4 Ne8 17. f4 Qb7 18. e5 Bxh4 19. Bxc6 Qxc6 20. gxh4 d5 21. cxd5 exd5 22. Qg2 Rc8 23. Ba1 Qg6 24. Qg3 Nc7 25. f5 Qxg3+ 26. hxg3 Nb6 27. Rc1 Nd7 28. Rfe1 Rfe8 29. Kf2 Re7 30. Nf3 Na8 31. Bc3 c4 32. bxc4 dxc4 33. Bb4 Ree8 34. Rcd1 Nc5 35. Bxc5 Rxc5 36. Rd6 Nc7 37. g4 h6 38. Rc1 Ra8 39. a4 Nd5 40. Rd1 Nb4 41. Rd8+ Rxd8 42. Rxd8+ Kh7 43. e6 fxe6 44. fxe6 Nc6 45. Rc8 1-0

[Event "Quebec-ch U20"]
[Site "Montreal CAN"]
[Date "1988.03.04"]
[Round "3"]
[White "Doucet, Maurice"]
[Black "Saint-Pierre, Benoit"]
[Result "0-1"]
[WhiteElo "1718"]
[BlackElo "1968"]
[PlyCount "96"]
[GameId "2160767912586518"]
[EventDate "1988.03.03"]
[EventType "tourn"]
[EventRounds "7"]
[EventCountry "CAN"]
[SourceTitle "EXT 2022"]
[Source "ChessBase"]
[SourceDate "2021.10.06"]
[SourceVersion "1"]
[SourceVersionDate "2021.10.06"]
[SourceQuality "1"]

1. e4 e6 2. d4 d5 3. exd5 exd5 4. Bd3 Bd6 5. Nf3 Ne7 6. Nc3 a6 7. Ne2 Bg4 8. Ng3 h6 9. O-O c6 10. h3 Be6 11. Ne5 Nd7 12. Re1 Qc7 13. Nxd7 Qxd7 14. Qf3 g5 15. Nf5 Nxf5 16. Bxf5 O-O-O 17. Bxe6 fxe6 18. Qg4 Rde8 19. Bd2 Qf7 20. Re3 Bf4 21. Rf3 h5 22. Rxf4 Qxf4 23. Qxf4 gxf4 24. Bxf4 Rhg8 25. h4 Kd7 26. Re1 Ref8 27. Bg5 Rc8 28. c3 c5 29. dxc5 Rxc5 30. Re5 Rf8 31. Be3 Ra5 32. Rxh5 Rxa2 33. Rh7+ Kc6 34. b4 a5 35. bxa5 Rxa5 36. Bd4 Kd6 37. g4 Ra1+ 38. Kg2 Re1 39. Rh6 Re4 40. Kg3 b5 41. f3 Ref4 42. g5 Rxf3+ 43. Kg2 R3f5 44. g6 Rg8 45. g7 Ke7 46. Bc5+ Kf7 47. Bf8 Re5 48. h5 Re3 0-1

[Event "Quebec-ch U20"]
[Site "Montreal CAN"]
[Date "1988.03.04"]
[Round "3"]
[White "Primeau, Michel"]
[Black "Gagnon, Serge"]
[Result "1/2-1/2"]
[WhiteElo "1777"]
[BlackElo "1792"]
[PlyCount "30"]
[GameId "2160767912586519"]
[EventDate "1988.03.03"]
[EventType "tourn"]
[EventRounds "7"]
[EventCountry "CAN"]
[SourceTitle "hb 2014"]

1. d4 d5 2. c4 e6 3. Nc3 Nf6 4. Nf3 c6 5. Bg5 Be7 6. e3 Nbd7 7. Bd3 O-O 8. O-O h6 9. Bh4 dxc4 10. Bxc4 Nb6 11. Bd3 c5 12. dxc5 Bxc5 13. Ne4 Be7 14. Nxf6+ Bxf6 15. Bxf6 Qxf6 1/2-1/2

[Event "Quebec-ch U20"]
[Site "Montreal CAN"]
[Date "1988.03.05"]
[Round "4"]
[White "Doucet, Maurice"]
[Black "Primeau, Michel"]
[Result "0-1"]
[WhiteElo "1718"]
[BlackElo "1777"]
[PlyCount "46"]
[GameId "2160767912586520"]
[EventDate "1988.03.03"]
[EventType "tourn"]
[EventRounds "7"]
[EventCountry "CAN"]
[SourceTitle "hb 2014"]

1. e4 e5 2. Nf3 Nf6 3. Nxe5 d6 4. Nf3 Nxe4 5. d4 d5 6. Bd3 Be7 7. O-O Nc6 8. c3 Bg4 9. Re1 f5 10. Nbd2 O-O 11. Nf1 Bh5 12. Ng3 Bh4 13. Bxe4 fxe4 14. Nxh5 exf3 15. gxf3 Bxf2+ 16. Kxf2 Qh4+ 17. Kg2 Qxh5 18. h3 Rf6 19. f4 Rg6+ 20. Kh2 Qh4 21. Rg1 Qf2+ 22. Kh1 Re8 23. Rxg6 hxg6 0-1

[Event "Quebec-ch U20"]
[Site "Montreal CAN"]
[Date "1988.03.05"]
[Round "4"]
[White "Gagnon, Serge"]
[Black "Bergeron, Steeve"]
[Result "1-0"]
[WhiteElo "1792"]
[BlackElo "1734"]
[PlyCount "71"]
[GameId "2160767912586521"]
[EventDate "1988.03.03"]
[EventType "tourn"]
[EventRounds "7"]
[EventCountry "CAN"]
[SourceTitle "hb 2014"]

1. Nf3 Nf6 2. g3 g6 3. Bg2 Bg7 4. O-O O-O 5. d3 d6 6. e4 e5 7. c4 Nh5 8. Nc3 c6 9. b4 f5 10. Bb2 f4 11. a3 Bg4 12. Ne2 g5 13. h3 Bxf3 14. Bxf3 Nf6 15. gxf4 gxf4 16. d4 Qe8 17. dxe5 Qg6+ 18. Kh2 Nxe4 19. Rg1 Ng5 20. Rxg5 Qxg5 21. Qxd6 Qd8 22. Rg1 Kh8 23. Rxg7 Kxg7 24. e6+ Kg8 25. Qe5 Qf6 26. Qxf6 Rxf6 27. Bxf6 Na6 28. Bh5 Nc7 29. e7 Ne8 30. Be5 a5 31. Nd4 axb4 32. Nf5 h6 33. Bg6 Ng7 34. Bxg7 bxa3 35. Ba1 a2 36. Nxh6# 1-0

[Event "Quebec-ch U20"]
[Site "Montreal CAN"]
[Date "1988.03.05"]
[Round "5"]
[White "Bergeron, Steeve"]
[Black "Doucet, Maurice"]
[Result "1-0"]
[WhiteElo "1734"]
[BlackElo "1718"]
[PlyCount "61"]
[GameId "2160767912586524"]
[EventDate "1988.03.03"]
[EventType "tourn"]
[EventRounds "7"]
[EventCountry "CAN"]
[SourceTitle "hb 2014"]

1. e4 c5 2. Nf3 d6 3. d4 cxd4 4. Nxd4 Nf6 5. Nc3 a6 6. f3 e5 7. Nb3 Be6 8. Be3 Be7 9. Qd2 Nbd7 10. O-O-O Rc8 11. Kb1 Nb6 12. g4 Nc4 13. Bxc4 Rxc4 14. Rhe1 a5 15. g5 Nd7 16. Nb5 Rc6 17. Nxa5 Ra6 18. Nb3 Bc4 19. Nc3 b5 20. h4 Qa8 21. Nc1 O-O 22. b3 Be6 23. Nxb5 Rc8 24. c4 Rcc6 25. Nc3 Bd8 26. Nd5 Qb7 27. Qe2 Ba5 28. Ne7+ Kf8 29. Nxc6 Bxc4 30. Qxc4 Rxc6 31. Qd5 1-0

[Event "Quebec-ch U20"]
[Site "Montreal CAN"]
[Date "1988.03.05"]
[Round "5"]
[White "Cazelais, Marc"]
[Black "Gagnon, Serge"]
[Result "1/2-1/2"]
[WhiteElo "1907"]
[BlackElo "1792"]
[PlyCount "36"]
[GameId "2160767912586525"]
[EventDate "1988.03.03"]
[EventType "tourn"]
[EventRounds "7"]
[EventCountry "CAN"]
[SourceTitle "hb 2014"]

1. e4 g6 2. d4 Bg7 3. Nc3 d6 4. Be3 Nf6 5. f3 O-O 6. Qd2 e5 7. d5 c6 8. Bc4 Qc7 9. a4 Nbd7 10. Rd1 c5 11. g4 a6 12. h4 h5 13. g5 Ne8 14. Nh3 Qa5 15. b3 Nc7 16. Kf1 b5 17. axb5 axb5 18. Be2 Bb7 1/2-1/2

[Event "Quebec-ch U20"]
[Site "Montreal CAN"]
[Date "1988.03.05"]
[Round "5"]
[White "Primeau, Michel"]
[Black "Saint-Pierre, Benoit"]
[Result "1-0"]
[WhiteElo "1777"]
[BlackElo "1968"]
[PlyCount "80"]
[GameId "2160767912586527"]
[EventDate "1988.03.03"]
[EventType "tourn"]
[EventRounds "7"]
[EventCountry "CAN"]
[SourceTitle "EXT 2022"]
[Source "ChessBase"]
[SourceDate "2021.10.06"]
[SourceVersion "1"]
[SourceVersionDate "2021.10.06"]
[SourceQuality "1"]

1. c4 Nf6 2. Nc3 d6 3. d4 Nbd7 4. e4 e5 5. Nf3 Be7 6. Be2 c6 7. O-O O-O 8. Qc2 Qc7 9. dxe5 dxe5 10. Rd1 Re8 11. h3 Nf8 12. Ne1 Ne6 13. Be3 Nd7 14. Bg4 Ndf8 15. Bxe6 Nxe6 16. Rac1 Bf8 17. Nf3 Qe7 18. Ne2 Qf6 19. Qc3 Nc5 20. Ng3 a5 21. b3 Nd7 22. c5 g6 23. Rd3 Nb8 24. Rcd1 h6 25. Nxe5 Na6 26. Nc4 Qxc3 27. Rxc3 a4 28. Nb6 Rb8 29. Bf4 Bxc5 30. Nxa4 Bb4 31. Rc2 Ra8 32. Nb6 Ra7 33. Be3 Be6 34. Nd5 cxd5 35. Bxa7 dxe4 36. Nxe4 Bf5 37. Nf6+ Kf8 38. Nxe8 Bxc2 39. Rc1 Bf5 40. Nc7 Ba3 1-0

[Event "Quebec-ch U20"]
[Site "Montreal CAN"]
[Date "1988.03.06"]
[Round "6"]
[White "Doucet, Maurice"]
[Black "Cazelais, Marc"]
[Result "1/2-1/2"]
[WhiteElo "1718"]
[BlackElo "1907"]
[PlyCount "36"]
[GameId "2160767912586528"]
[EventDate "1988.03.03"]
[EventType "tourn"]
[EventRounds "7"]
[EventCountry "CAN"]
[SourceTitle "hb 2014"]

1. e4 c6 2. d4 d5 3. Nc3 dxe4 4. Nxe4 Nf6 5. Nxf6+ gxf6 6. Bc4 Bf5 7. c3 e6 8. Bf4 Bd6 9. Qd2 Qc7 10. Ne2 Rg8 11. Bxd6 Qxd6 12. Ng3 Bg6 13. O-O-O Nd7 14. Bd3 O-O-O 15. Bxg6 hxg6 16. Ne4 Qc7 17. Qe3 Rh8 18. Qg3 Qxg3 1/2-1/2

[Event "Quebec-ch U20"]
[Site "Montreal CAN"]
[Date "1988.03.06"]
[Round "6"]
[White "Primeau, Michel"]
[Black "Bergeron, Steeve"]
[Result "1/2-1/2"]
[WhiteElo "1777"]
[BlackElo "1734"]
[PlyCount "43"]
[GameId "2160767912586530"]
[EventDate "1988.03.03"]
[EventType "tourn"]
[EventRounds "7"]
[EventCountry "CAN"]
[SourceTitle "hb 2014"]

1. c4 Nf6 2. Nf3 d6 3. Nc3 g6 4. b4 Bg7 5. Bb2 O-O 6. g3 Nbd7 7. Qc2 c6 8. Bg2 e5 9. e3 Ne8 10. d3 f5 11. Nd2 a6 12. a4 Ndf6 13. O-O Nc7 14. b5 axb5 15. axb5 Rxa1 16. Rxa1 d5 17. bxc6 bxc6 18. cxd5 cxd5 19. Ne2 e4 20. Be5 Nfe8 21. Bxg7 Kxg7 22. Ra7 1/2-1/2

[Event "Quebec-ch U20"]
[Site "Montreal CAN"]
[Date "1988.03.06"]
[Round "7"]
[White "Bergeron, Steeve"]
[Black "Saint-Pierre, Benoit"]
[Result "1/2-1/2"]
[WhiteElo "1754"]
[BlackElo "1968"]
[PlyCount "41"]
[GameId "2160767912586532"]
[EventDate "1988.03.03"]
[EventType "tourn"]
[EventRounds "7"]
[EventCountry "CAN"]
[SourceTitle "EXT 2022"]
[Source "ChessBase"]
[SourceDate "2021.10.06"]
[SourceVersion "1"]
[SourceVersionDate "2021.10.06"]
[SourceQuality "1"]

1. e4 e6 2. d4 d5 3. Nc3 Bb4 4. a3 Bxc3+ 5. bxc3 dxe4 6. Qg4 Nf6 7. Qxg7 Rg8 8. Qh6 Rg6 9. Qd2 b6 10. Bb2 Bb7 11. Ne2 Nbd7 12. Ng3 Qe7 13. O-O-O O-O-O 14. Be2 Kb8 15. Rhg1 Rc8 16. Kb1 Rgg8 17. Nf1 Rgd8 18. Ne3 c5 19. Nc4 Nd5 20. Ne3 Nxe3 21. fxe3 1/2-1/2

[Event "Quebec-ch U20"]
[Site "Montreal CAN"]
[Date "1988.03.06"]
[Round "7"]
[White "Cazelais, Marc"]
[Black "Primeau, Michel"]
[Result "1-0"]
[WhiteElo "1907"]
[BlackElo "1777"]
[PlyCount "45"]
[GameId "2160767912586533"]
[EventDate "1988.03.03"]
[EventType "tourn"]
[EventRounds "7"]
[EventCountry "CAN"]
[SourceTitle "hb 2014"]

1. e4 e5 2. Nf3 Nf6 3. Nxe5 d6 4. Nf3 Nxe4 5. Qe2 Qe7 6. d3 Nf6 7. Bg5 Qxe2+ 8. Bxe2 Be7 9. Nc3 c6 10. O-O-O Be6 11. Ne4 Nxe4 12. dxe4 Bxg5+ 13. Nxg5 Ke7 14. f4 f6 15. Nxe6 Kxe6 16. Bc4+ Ke7 17. Rd3 b5 18. Bb3 c5 19. Bd5 Na6 20. Bxa8 Rxa8 21. Rhd1 Rd8 22. e5 Nb4 23. Rxd6 1-0

[Event "Quebec-ch intercoll."]
[Site "Ste-Therese CAN"]
[Date "1988.04.03"]
[Round "6"]
[White "Tremblay, Rejean"]
[Black "Lapierre, Yves"]
[Result "1-0"]
[WhiteElo "2043"]
[BlackElo "1800"]
[PlyCount "42"]
[GameId "2160767912586423"]
[EventDate "1988.04.01"]
[EventType "swiss"]
[EventRounds "6"]
[EventCountry "CAN"]

1. d4 Nf6 2. c4 c5 3. Nf3 e6 4. Nc3 d5 5. cxd5 Nxd5 6. e4 Nxc3 7. bxc3 Qa5 8. Bd2 cxd4 9. cxd4 Bb4 10. Rb1 Bxd2+ 11. Qxd2 Qxd2+ 12. Kxd2 O-O 13. Bc4 Nc6 14. Rhc1 Rd8 15. Ke3 Na5 16. Bd3 b6 17. Rc7 Bb7 18. Rbc1 Rac8 19. Bb5 a6 20. Bd7 Rxc7 21. Rxc7 b5 1-0

[Event "Quebec-ch qual. 1"]
[Site "Montreal CAN"]
[Date "1988.03.12"]
[Round "3"]
[White "Charest, Johanne"]
[Black "Rosen, Matthew"]
[Result "1-0"]
[WhiteElo "1324"]
[BlackElo "1513"]
[PlyCount "135"]
[GameId "2160767912586466"]
[EventDate "1988.03.11"]
[EventType "swiss"]
[EventRounds "5"]
[EventCountry "CAN"]

1. e4 e6 2. Nc3 d5 3. exd5 exd5 4. Qe2+ Be7 5. d4 Nf6 6. Nf3 O-O 7. Qd1 Nc6 8. Be2 Re8 9. O-O h6 10. h3 Be6 11. Bf4 a6 12. Re1 Bd6 13. Be3 Qd7 14. Bf1 b5 15. a3 Ne7 16. Qc1 Nf5 17. Bd2 Qc6 18. Bd3 Qb6 19. Ne2 c5 20. dxc5 Bxc5 21. Rf1 Nd6 22. b4 Bxf2+ 23. Rxf2 Nfe4 24. Be3 Qc7 25. Rf1 Bxh3 26. gxh3 Ng3 27. Rf2 Nxe2+ 28. Bxe2 Re4 29. Rg2 Rae8 30. Bxh6 Rxe2 31. Qg5 Rxg2+ 32. Qxg2 g6 33. Ng5 Re3 34. Qf2 Qc3 35. Rf1 Rg3+ 36. Kh1 Rxh3+ 37. Nxh3 Qxh3+ 38. Kg1 Kh7 39. Bc1 Kg8 40. Bb2 d4 41. Qg2 Qe3+ 42. Rf2 Ne4 43. Qf3 Nxf2 44. Qxf2 Qxf2+ 45. Kxf2 f5 46. Kg3 Kf7 47. Bxd4 g5 48. c3 Kg6 49. Be5 f4+ 50. Kg4 f3 51. Kxf3 Kf5 52. Bd4 g4+ 53. Kg3 Kg5 54. Bc5 Kf5 55. Be3 Ke4 56. Bh6 Kd3 57. Bg7 Kc2 58. Kxg4 Kb2 59. Kf4 Kxa3 60. Ke4 Ka4 61. Kd5 a5 62. bxa5 Kxa5 63. Kc5 Ka6 64. Be5 Ka5 65. Bc7+ Ka4 66. Kb6 b4 67. c4 b3 68. Be5 1-0

[Event "Quebec-ch qual. 1"]
[Site "Montreal CAN"]
[Date "1988.03.13"]
[Round "4"]
[White "Charest, Johanne"]
[Black "Weenas, Eric"]
[Result "1-0"]
[WhiteElo "1324"]
[BlackElo "1676"]
[PlyCount "56"]
[GameId "2160767912586467"]
[EventDate "1988.03.11"]
[EventType "swiss"]
[EventRounds "5"]
[EventCountry "CAN"]

1. e4 c5 2. Nf3 d6 3. d4 cxd4 4. Nxd4 Nf6 5. Nc3 g6 6. Be2 Bg7 7. Be3 O-O 8. O-O Nc6 9. Nb3 Be6 10. Nd4 Bd7 11. Nb3 Rc8 12. Rb1 Ne5 13. f3 Nc4 14. Bf2 Nxb2 15. Rxb2 Rxc3 16. Bxa7 b6 17. Nd4 Qa8 18. Bxb6 Rb8 19. Qc1 Nxe4 20. fxe4 Rxb6 21. Rxb6 Bxd4+ 22. Kh1 Bxb6 23. Qd2 Qc6 24. Qf4 Be6 25. Bg4 Qc4 26. Bd1 Be3 27. Qf3 Bg4 28. Be2 Qxe2 1-0

[Event "Quebec-ch qual. 1"]
[Site "Montreal CAN"]
[Date "1988.03.13"]
[Round "5"]
[White "Poitras, Luc"]
[Black "Charest, Johanne"]
[Result "1-0"]
[WhiteElo "1966"]
[BlackElo "1324"]
[PlyCount "87"]
[GameId "2160767912586468"]
[EventDate "1988.03.11"]
[EventType "swiss"]
[EventRounds "5"]
[EventCountry "CAN"]

1. Nf3 Nc6 2. d4 d5 3. c4 e6 4. a3 dxc4 5. e4 g6 6. Bxc4 Bg7 7. Be3 Nge7 8. O-O O-O 9. Nc3 a6 10. Qd2 b5 11. Ba2 Bb7 12. b4 Qd7 13. Bh6 Rfd8 14. Bxg7 Kxg7 15. Rfd1 Qe8 16. Qf4 Rac8 17. d5 exd5 18. exd5 Nb8 19. Ne4 Nf5 20. g4 Nd6 21. Nf6 Qh8 22. Qd4 Ba8 23. Rac1 Kf8 24. Nd7+ Kg8 25. Nf6+ Kf8 26. Re1 Ne8 27. Qc5+ Kg7 28. Ne4 Nd7 29. Qe3 Kg8 30. Nfg5 h6 31. Nf3 Kh7 32. d6 Bxe4 33. dxc7 Rxc7 34. Qxe4 Rxc1 35. Rxc1 Qf6 36. h3 Nd6 37. Qd5 Nb6 38. Qd3 Qb2 39. Rc2 Qf6 40. Rc6 Nbc8 41. Kg2 Qb2 42. Bxf7 Nxf7 43. Qxg6+ Kh8 44. Qxf7 1-0